000 00608nam a2200241 a 4500
001 0001-1263
003 ELIB.Books
008 150618 2010 eng
020 _a0399149457
035 _a(ELIB.Books)0001-1418
092 _a170.44
_bKei
100 _aKeith, Kent M.
245 _aAnyway:
_bThe Paradoxical Commandments
260 _aNew York
_bBerkley Books
_c2001
300 _a120
_c18.5 Cm
500 _aLibrary
650 _aNormative Ethics
856 _nKBTS: Library
_uKBTS: Elib
942 _2ddc
_cBK
990 _a1
998 _cbat
_e2015-06-18
999 _c11263
_d11263